| 000 | 00630nam a22001817a 4500 | ||
|---|---|---|---|
| 008 | 160929b xxu||||| |||| 00| 0 eng d | ||
| 020 | _a9718611053 | ||
| 082 |
_22002 _aDFil 658.83 _bR54 |
||
| 100 |
_915416 _aRoberto, Ned |
||
| 245 |
_aUser-friendly marketing research: _bhow to use marketing research to make profitable decisions/ _cNed Roberto |
||
| 250 | _aSecond edition | ||
| 260 |
_aMakati City: _bLife Cycle Press, _cc2002. |
||
| 300 |
_a416 pages: _billustrations; _c26 cm. |
||
| 500 | _aIncludes bibliographical references and index. | ||
| 650 | 0 |
_915417 _aMarketing research |
|
| 365 |
_b831.35 _cPhp. |
||
| 942 |
_2ddc _cDFIL |
||
| 999 |
_c4891 _d4891 |
||